Francesc Soler i Rovirosa : 1836 - 1900 / guió, documentació i textos: Isidre Bravo 1836 - 1900 / guió, documentació i textos:
Descripción Física:
24 p. : il. col. ; 21 x 30 cm
Otros Autores:
Bravo, Isidre, 1940-2011
MARC
| LEADER | 00000nam a2200000Ia 4500 | ||
|---|---|---|---|
| 001 | 12785 | ||
| 008 | 160829s9999 xx 000 0 cat d | ||
| 080 | |a FU-28-31 | ||
| 100 | 1 | |a Soler i Rovirosa, Francesc, |d 1836-1900 |9 35953 | |
| 245 | |a Francesc Soler i Rovirosa : |b 1836 - 1900 / guió, documentació i textos: |b Isidre Bravo | ||
| 260 | |a Barcelona : |b Institut del Teatre, Diputació de Barcelona, DL 1986 | ||
| 300 | |a 24 p. : |b il. col. ; |c 21 x 30 cm | ||
| 600 | 1 | 0 | |a Soler i Rovirosa, Francesc, |d 1836-1900 |9 35953 |
| 600 | 1 | 0 | |a Soler i Rovirosa, Francesc, |d 1836-1900 |v Exposicions |9 56453 |
| 650 | |a Teatres |x Escenografia i decoracions |x Exposicions |9 32750 | ||
| 700 | 1 | |a Bravo, Isidre, |d 1940-2011 |9 28797 | |
| 710 | 1 | |a Institut del Teatre (Barcelona, Catalunya) |9 52662 | |
| 901 | |a Arxiu | ||
| 942 | |n 1 |2 udc | ||
| 952 | |0 0 |1 0 |4 0 |6 FU2831 |7 1 |9 47131 |a Arxiu |b Arxiu |d 2016-12-01 |l 0 |o FU-28-31 |p 12785 |r 2016-12-01 00:00:00 |w 2016-12-01 |y ARXIU | ||
| 999 | |c 50926 |d 50926 | ||